L'Année motocycliste 4970 - 1971

Gardado en:
Detalles Bibliográficos
Autor Principal: Cazaux, Maurice
Formato: Libro
Idioma:Undetermined
Publicado: Paris Edition Pratiques Automobiles
Những chủ đề:
Các nhãn: Engadir etiqueta
Sen Etiquetas, Sexa o primeiro en etiquetar este rexistro!
Thư viện lưu trữ: Trung tâm Học liệu Trường Đại học Cần Thơ
LEADER 00481nam a2200169Ia 4500
001 CTU_111614
008 210402s9999 xx 000 0 und d
082 |a 629.2275 
082 |b C386 
100 |a Cazaux, Maurice 
245 0 |a L'Année motocycliste 4970 - 1971 
245 0 |c Maurice Cazaux, Henri Lallemand 
260 |a Paris 
260 |b Edition Pratiques Automobiles 
650 |a Motorcycles 
904 |i M.Loan 
980 |a Trung tâm Học liệu Trường Đại học Cần Thơ